000 00577nam a2200205Ia 4500
003 OSt
005 20230505105125.0
008 210423s2006 xx 000 0 und d
020 _a9788181281395
040 _cAL
041 _aeng
082 _a574.015195 RAOP
100 _aRAO (P S S Sundar);RICHARD (J).
_998487
245 _aIntroduction to biostatistics and research methods.
260 _aNew Delhi
_bPHI Learning Pvt Ltd
_c2006
300 _axiv,280
_bPB
365 _b225
_cINR
906 _abiostatistics ; Introduction ; methods. ; research
942 _2ddc
_cBK
999 _c163334
_d163334